000 00648cam a22001814a 4500
020 _a0471467375
050 0 0 _aTK153
_b.Z37 2004
100 1 _aZarowski, Christopher J.
245 1 3 _aAn introduction to numerical analysis for electrical and computer engineers /
_cChristopher J. Zarowski.
260 _aHoboken, NJ :
_bWiley,
_cc2004.
300 _axvi, 586 p. :
650 0 _xMathematics.
650 0 _xMathematics.
856 4 2 _uhttp://www.loc.gov/catdir/bios/wiley046/2003063761.html
856 4 2 _uhttp://www.loc.gov/catdir/description/wiley041/2003063761.html
856 4 1 _uhttp://www.loc.gov/catdir/toc/wiley041/2003063761.html
942 _cGEN
999 _c627
_d627